02103nam a2200265Ia 4500001000600000003000900006008004100015040001300056040001300069041001300082100001100095100002900106245006100135245006100196250001100257260001000268260001100278260004900289300004200338500133400380650003401714650003101748700002901779700002901808E2004IT-RoPAU130308s9999 xx 000 0 und d aIT-RoPAU cIT-RoPAU aFRANCESE aAA.VV. gCodice Aut. SPICS: 12000 aMultimedia et le droit (Le): internet, off line, on line bMultimedia et le droit (Le): Internet, Off Line, On Line a1a ed. aPARIS bHermes c1996 [1° Ed.:1996 - Ed.Ling.Originale:1996] a"732 p. (prefazione: 36; testo: 696)" aMultimedia e Diritto: Internet, Off Line, On Line. Opera Multimedia: Architettura e Concetti. mercati e Attori del Multimedia. regime Generale delle Creazioni. Autore dell'Opera Multimedia. Realizzazione di un'opera Multimedia. Immagine, Suono e testo nell'opera Multimedia. protezione per Disegni Emodelli. banca Data Multimedia. scenario e software nell'opera Multimedia.Diritti degli Artisti e interpreti nell'opera Multimedia. Statuto dell'Opera Multimedia. internet e Autostrade dell'Informazione. protezione dei Personaggi e degli Elementi di Identificazione dell'Opera Multimedia. Multimedia di Rete e regolamentazione delle Telecomunicazioni. Produzione Audiovisiva. Contratto di Edizione di Opere Multimedia. Distribuzione di Opere Multimedia. utente di Opere Multimedia. manutenzione dei prodotti Multimediali. commercio Elettronico. tv numerica Interattiva. Teleinsegnamento. Telelavoro. Catalogo Elettronico. Telemedicina. Informazione e immagini Virtuali. Segnali Interattivi. Dischi Numerici. Deposito legale del Multimedia. Gestionedelle risorse Umane. legge Informatica, Libertà e Multimedia. Principi Generali dei Contratti. Responsabilità nella Diffusione di un prodotto Multimedia. Diritto D'Autore, di Stampa e Comunicazione. Finanziamento. Multimedia nel Contesto Comunitario e Internazionale. Allegati. aDIRITTO NELLA MULTIMEDIALITA' eCodice materia Spics: 4621 aDemnard-Tellier Isabelle gCodice Aut. SPICS: 47503